| 000 | 00833nam a22001817a 4500 | ||
|---|---|---|---|
| 001 | BD-DhSAU 4704 | ||
| 003 | BD-DhSAU | ||
| 005 | 20150225112313.0 | ||
| 008 | 150225b1989 bg a||||r|||| 000 0 ben d | ||
| 040 | _aBD-DhSAU | ||
| 082 |
_222 _a--- _bইসমে |
||
| 100 | _aইসলামাবাদী, মোহাম্মদ গরীবুল্লাহ মসরূর | ||
| 245 |
_aমে'রাজের দার্শনিক তত্ত্ব / _cমাওলানা মোহাম্মদ গরীবুল্লাহ মসরূর ইসলামাবাদী |
||
| 260 |
_aঢাকা : _bআজিজিয়া কুতুবখানা, _c১৯৮৯. |
||
| 300 |
_a২৪৪ পৃ. : _bচিত্র ; _c১৯ সেমি |
||
| 590 | _ajoy | ||
| 650 | _aদার্শনিক তত্ত্ব | ||
| 942 |
_2ddc _cBOOK |
||
| 999 |
_c4704 _d4704 |
||